Leyendas, tradiciones, ensoñamientos y trucos de Madrid / (Record no. 35012)

MARC details
000 -LEADER
campo de control de longitud fija 01233nam a2200349 i 4500
001 - NÚMERO DE CONTROL
campo de control 35012
003 - IDENTIFICADOR DE NÚMERO DE CONTROL
campo de control ES-MaACL
005 - FECHA Y HORA DE LA ÚLTIMA TRANSACCIÓN
campo de control 20250614063109.0
007 - CAMPO FIJO DE DESCRIPCIÓN FÍSICA--INFORMACIÓN GENERAL
campo de control de longitud fija t|
008 - DATOS DE LONGITUD FIJA--INFORMACIÓN GENERAL
campo de control de longitud fija 030211s1973 sp af ||||1| spa d
017 ## - NÚMERO DE COPYRIGHT O DE DEPÓSITO LEGAL
Número de copyright o de depósito legal M 13545-1973
020 ## - NÚMERO INTERNACIONAL ESTÁNDAR DEL LIBRO
Número Internacional Estándar del Libro 8440060653
040 ## - FUENTE DE CATALOGACIÓN
Centro/agencia transcriptor ES-MaACL
080 ## - NÚMERO DE LA CLASIFICACIÓN DECIMAL UNIVERSAL
Número de la Clasificación Decimal Universal 946.41 M.(088.3)
080 ## - NÚMERO DE LA CLASIFICACIÓN DECIMAL UNIVERSAL
Número de la Clasificación Decimal Universal 860-94"19"
080 ## - NÚMERO DE LA CLASIFICACIÓN DECIMAL UNIVERSAL
Número de la Clasificación Decimal Universal 398.2(460.27 M.)
100 1# - ENTRADA PRINCIPAL--NOMBRE DE PERSONA
Nombre de persona Borrás, Tomás,
Fechas asociadas al nombre 1891-1976
9 (RLIN) 30556
Término indicativo de función/relación Autor
245 10 - MENCIÓN DEL TÍTULO
Título Leyendas, tradiciones, ensoñamientos y trucos de Madrid /
Mención de responsabilidad, etc. Tomás Borrás ; dibujos de Antonio Casero, Serny, Lorenzo Goñi.
260 ## - PUBLICACIÓN, DISTRIBUCIÓN, ETC.
Lugar de publicación, distribución, etc. Madrid :
Nombre del editor, distribuidor, etc. Vassallo de Mumbert,
Fecha de publicación, distribución, etc. [1973]
300 ## - DESCRIPCIÓN FÍSICA
Extensión 505 p., 24 lám. n. y col. :
Otras características físicas grab. ;
Dimensiones 24 cm.
650 #7 - PUNTO DE ACCESO ADICIONAL DE MATERIA--TÉRMINO DE MATERIA
Término de materia o nombre geográfico como elemento de entrada Leyendas-
Subdivisión geográfica Madrid
9 (RLIN) 138837
651 #4 - PUNTO DE ACCESO ADICIONAL DE MATERIA--NOMBRE GEOGRÁFICO
Nombre geográfico Madrid-
Subdivisión general Historia-
Subdivisión de forma Curiosidades
9 (RLIN) 8965
700 1# - ENTRADA AGREGADA--NOMBRE PERSONAL
Nombre de persona Casero, Antonio,
Fechas asociadas al nombre 1897-1973
9 (RLIN) 155265
Término indicativo de función/relación Ilustrador
700 1# - ENTRADA AGREGADA--NOMBRE PERSONAL
Nombre de persona Goñi, Lorenzo,
Fechas asociadas al nombre 1911-1992
9 (RLIN) 59083
Término indicativo de función/relación Ilustrador
700 0# - ENTRADA AGREGADA--NOMBRE PERSONAL
Nombre de persona Serny
9 (RLIN) 105589
Término indicativo de función/relación Ilustrador
700 0# - ENTRADA AGREGADA--NOMBRE PERSONAL
Nombre de persona Santos, Fermín
9 (RLIN) 103472
Término indicativo de función/relación Ilustrador
700 1# - ENTRADA AGREGADA--NOMBRE PERSONAL
Nombre de persona Gómez Yebra, Antonio A.,
Fechas asociadas al nombre 1950-
9 (RLIN) 58196
Término indicativo de función/relación Ilustrador
852 ## - LOCALIZACIÓN
Ubicación ES-MaACL
Número de control de estantería C-53787
Encuadernación Encuadernación cartoné con sobrecubiertas
Ubicación en estantería Depósito 2
942 ## - ELEMENTOS DE ENTRADA SECUNDARIOS (KOHA)
Tipo de ítem Koha Libro impreso
Suprimir en OPAC No
Holdings
Estatus retirado Estado de pérdida Estado de daño No para préstamo Biblioteca de origen Biblioteca actual Ubicación en estantería Fecha de adquisición Fuente de adquisición Total de préstamos Signatura topográfica completa Código de barras Visto por última vez Precio de reemplazo Tipo de ítem Koha
        Biblioteca del Ateneo de Madrid Biblioteca del Ateneo de Madrid Depósito 2 17/01/2008     C-53787 1036597 23/02/2023 23/02/2023 Libro impreso